[Event "Championnat de France - Vétérans"]
[Site "Pau"]
[Date "2008.??.??"]
[Round "6.9"]
[White "Pair, Maurice"]
[Black "Meinsohn, Francis"]
[Result "1/2-1/2"]
[WhiteElo "1806"]
[BlackElo "2251"]
[PlyCount "107"]

1. d4 Nf6 2. Nf3 e6 3. Bf4 c5 4. c3 Qb6 5. Qc2 Nc6 6. e3 Nh5 7. Bg5 h6 8. Bh4
g5 9. Bg3 Nxg3 10. hxg3 Bg7 11. Nbd2 d5 12. Bd3 cxd4 13. exd4 Bd7 14. Nb3 Rc8
15. Qe2 Na5 16. Nfd2 Nxb3 17. axb3 a6 18. b4 Qd6 19. Nf3 Bc6 20. Ne5 O-O 21.
Ng4 Rfe8 22. Nxh6+ Kf8 23. Qf3 Re7 24. Kf1 Ke8 25. Ng8 Kd7 26. Nxe7 Qxe7 27.
Re1 Rf8 28. g4 Kc8 29. Qg3 Be8 30. Rh7 Bf6 31. Kg1 b5 32. Bf5 Bd7 33. Bd3 Kb7
34. Kf1 Be8 35. Bf5 Bd7 36. Bd3 Qd8 37. Qd6 Be7 38. Qg3 Be8 39. Kg1 Bd6 40. Qf3
Kb6 41. g3 Be7 42. Kg2 Qd6 43. Qe3 Bf6 44. f4 gxf4 45. gxf4 Bc6 46. g5 Bd8 47.
Reh1 Bc7 48. Qe5 Qd8 49. Qe3 Rg8 50. R1h5 Be8 51. Rh8 Bc6 52. Rxg8 Qxg8 53. Qg3
Qf8 54. Qf3 1/2-1/2

[Event "Championnat de France - Vétérans"]
[Site "Pau"]
[Date "2008.??.??"]
[Round "6.10"]
[White "Maurel, Jean-Louis"]
[Black "Duval, Michel"]
[Result "1-0"]
[WhiteElo "1974"]
[BlackElo "1843"]
[PlyCount "77"]

1. d4 f5 2. Bg5 Nf6 3. Bxf6 exf6 4. e3 d5 5. c4 c6 6. Nc3 Bb4 7. Qb3 Bxc3+ 8.
bxc3 b6 9. cxd5 cxd5 10. Bb5+ Ke7 11. Ne2 Qd6 12. Nf4 Bb7 13. c4 Rd8 14. Rc1 g5
15. c5 bxc5 16. dxc5 Qe5 17. c6 Nxc6 18. Nd3 Qd6 19. Nc5 Qb8 20. Nxb7 Qxb7 21.
Bxc6 Qxb3 22. axb3 Rac8 23. Kd2 d4 24. Bb5 dxe3+ 25. Kxe3 h5 26. Rxc8 Rxc8 27.
Bc4 Rc7 28. Ra1 Kf8 29. Ra6 Kg7 30. f4 g4 31. Kd4 h4 32. Kd5 Re7 33. Kd6 Re4
34. Rxa7+ Kh6 35. g3 hxg3 36. hxg3 Re3 37. Be6 Rxg3 38. Bxf5 Rxb3 39. Rh7# 1-0

[Event "Championnat de France - Vétérans"]
[Site "Pau"]
[Date "2008.08.19"]
[Round "7.1"]
[White "Vaisman, Volodia"]
[Black "Cortes, Jaime"]
[Result "1-0"]
[WhiteElo "2348"]
[BlackElo "1873"]
[PlyCount "81"]

1. d4 Nf6 2. Nf3 e6 3. Bg5 d5 4. e3 Nbd7 5. Nbd2 Be7 6. Bd3 O-O 7. O-O b6 8. c3
Bb7 9. Qb1 g6 10. b4 Kg7 11. a4 Nh5 12. Bxe7 Qxe7 13. Ne5 Nxe5 14. dxe5 f5 15.
f4 Kh8 16. Nf3 a6 17. a5 b5 18. Be2 Ng7 19. Qe1 Rg8 20. Nd4 Rac8 21. Nb3 c6 22.
Nc5 Rc7 23. Rf3 Bc8 24. Rh3 h5 25. Rg3 Qf7 26. Rg5 Kh7 27. Qh4 Kh6 28. Rf1 Bd7
29. Nxa6 Ra7 30. Nc5 Be8 31. h3 Qe7 32. Ra1 Bf7 33. Kh2 Rd8 34. g4 fxg4 35.
hxg4 Qe8 36. Rg1 Qe7 37. Bd3 Rh8 38. Kg2 Qf8 39. Kh3 Qd8 40. gxh5 Nf5 41. Bxf5
1-0

[Event "Championnat de France - Vétérans"]
[Site "Pau"]
[Date "2008.08.19"]
[Round "7.2"]
[White "Renault, Jean-Pierre"]
[Black "Goldenberg, Richard"]
[Result "0-1"]
[WhiteElo "1912"]
[BlackElo "2341"]
[PlyCount "60"]
[EventDate "2008.??.??"]

1. d4 Nf6 2. Nf3 c5 3. c3 e6 4. Nbd2 b6 5. e4 cxd4 6. cxd4 Bb7 7. Bd3 Be7 8.
O-O O-O 9. e5 Nd5 10. Ne4 f5 11. exf6 Nxf6 12. Re1 Nc6 13. Neg5 Nb4 14. Bb1 h6
15. a3 hxg5 16. axb4 Bxb4 17. Re5 g4 18. Nh4 Bd6 19. Bg5 Qc7 20. Bxf6 Rxf6 21.
Rh5 Bxh2+ 22. Kh1 g3 23. Bh7+ Kf7 24. d5 gxf2 25. Qd3 Bg3 26. Bg6+ Ke7 27. Rd1
Bxd5 28. Nf5+ exf5 29. Bxf5 Qe5 30. Qa3+ d6 0-1

[Event "Championnat de France - Vétérans"]
[Site "Pau"]
[Date "2008.08.19"]
[Round "7.3"]
[White "Cousin, Philippe"]
[Black "Birens, Eric-Andre"]
[Result "1/2-1/2"]
[WhiteElo "1971"]
[BlackElo "2054"]
[PlyCount "37"]

1. d4 c5 2. e3 Nf6 3. Nf3 b6 4. c4 e6 5. Nc3 Bb7 6. Bd3 g6 7. O-O Bg7 8. Re1
O-O 9. b3 cxd4 10. exd4 d5 11. cxd5 Nxd5 12. Nxd5 Bxd5 13. Bb2 Nc6 14. Ne5 Qh4
15. g3 Qh3 16. Bf1 Qf5 17. Bd3 Qh3 18. Bf1 Qh5 19. Bd3 1/2-1/2

[Event "Championnat de France - Vétérans"]
[Site "Pau"]
[Date "2008.08.19"]
[Round "7.4"]
[White "Darrigues, Alain"]
[Black "Dubreuil, Remy"]
[Result "1-0"]
[WhiteElo "2012"]
[BlackElo "1957"]
[PlyCount "87"]

1. d4 f5 2. e4 fxe4 3. Nc3 Nf6 4. Bg5 c6 5. f3 d5 6. fxe4 Nxe4 7. Nxe4 dxe4 8.
Bc4 Bf5 9. g4 Bg6 10. Ne2 Nd7 11. c3 Qa5 12. Qd2 O-O-O 13. b4 Qb6 14. a4 a5 15.
Be6 Kb8 16. Be3 Ka8 17. O-O Qa6 18. Bf4 Nf6 19. Bc7 Re8 20. Nf4 axb4 21. cxb4
b6 22. a5 b5 23. Rac1 Qb7 24. Be5 Rd8 25. Qc3 Be8 26. Rc2 g5 27. Nh3 Bg7 28.
Nxg5 Nd5 29. Bxd5 Bxe5 30. dxe5 cxd5 31. Qd4 Bg6 32. Rc5 Rc8 33. Rfc1 Rxc5 34.
Rxc5 Rd8 35. Ne6 Rc8 36. Kf2 Bf7 37. Nf4 e6 38. Ke3 Rc6 39. Ne2 Rc8 40. Nc3 Be8
41. Ne2 Bc6 42. Qc3 Qd7 43. Nd4 Kb7 44. Rxc6 1-0

[Event "Championnat de France - Vétérans"]
[Site "Pau"]
[Date 2008.08.19"]
[Round "7.5"]
[White "Oger, Claude"]
[Black "Peyrin, Jean"]
[Result "1/2-1/2"]
[WhiteElo "2016"]
[BlackElo "1980"]
[PlyCount "59"]

1. e4 c5 2. Nf3 e6 3. d4 cxd4 4. Nxd4 Nc6 5. Be2 Nf6 6. Nc3 d6 7. Be3 Be7 8.
O-O O-O 9. Kh1 Bd7 10. f4 Nxd4 11. Bxd4 Bc6 12. Bf3 Nd7 13. Be3 Qc7 14. Qe1 b5
15. Rd1 b4 16. Ne2 Qb7 17. Ng3 Nc5 18. Bd4 f6 19. Rf2 Rfe8 20. Rfd2 g6 21. Rf2
e5 22. Bxc5 dxc5 23. fxe5 fxe5 24. Be2 Rf8 25. Bc4+ Kg7 26. Rxf8 Rxf8 27. Qe2
Rd8 28. Rf1 Rf8 29. Rd1 Rd8 30. Rf1 1/2-1/2

[Event "Championnat de France - Vétérans"]
[Site "Pau"]
[Date "2008.08.19"]
[Round "7.6"]
[White "Auge, Jean"]
[Black "Maurel, Jean-Louis"]
[Result "1-0"]
[WhiteElo "1940"]
[BlackElo "1974"]
[PlyCount "55"]

1. e4 e6 2. d4 d5 3. Bd3 c5 4. exd5 exd5 5. Qe2+ Be7 6. dxc5 Nf6 7. Nf3 Bg4 8.
h3 Bxf3 9. Qxf3 O-O 10. O-O Nc6 11. c3 Bxc5 12. Bg5 Be7 13. Bf4 Qb6 14. b3 Rfe8
15. Nd2 Ba3 16. Rad1 Rad8 17. Bg3 Bd6 18. Bxd6 Rxd6 19. Bb1 Rde6 20. Qf4 g6 21.
Nf3 Kg7 22. Nd4 Nxd4 23. Rxd4 Re1 24. Rd1 R1e2 25. Rd2 Qe6 26. Qd4 b6 27. g4
Kg8 28. Rxe2 1-0

[Event "Championnat de France - Vétérans"]
[Site "Pau"]
[Date "2008.08.19"]
[Round "7.7"]
[White "Guillaumat, Jean-Pierre"]
[Black "Molet, Asher"]
[Result "1/2-1/2"]
[WhiteElo "1969"]
[BlackElo "1950"]
[PlyCount "96"]

1. d4 d5 2. Nf3 e6 3. c4 Nf6 4. g3 Be7 5. Bg2 O-O 6. O-O c6 7. Qc2 Nbd7 8. Nbd2
b6 9. Re1 Bb7 10. b3 Rc8 11. Bb2 c5 12. Ne5 Qc7 13. Nxd7 Qxd7 14. e3 cxd4 15.
Bxd4 dxc4 16. bxc4 Bxg2 17. Kxg2 Bb4 18. Rec1 Bxd2 19. Qxd2 e5 20. Bc3 Rxc4 21.
Qb2 Qc6+ 22. Kg1 Rc8 23. Bd2 e4 24. Rxc4 Qxc4 25. Rc1 Qe6 26. Rxc8+ Qxc8 27.
Qe5 h6 28. Bc3 Qd7 29. Bd4 Kh7 30. Kg2 Qd5 31. Qf4 Nh5 32. Qg4 Nf6 33. Qf4 Kg6
34. h4 Qf5 35. Qd6 Kh5 36. Bxf6 gxf6 37. Qe7 Kg4 38. Qxf7 Qf3+ 39. Kf1 Qd1+ 40.
Kg2 Qf3+ 41. Kf1 Kh3 42. Qd5 Kh2 43. Qd7 a5 44. a4 f5 45. Qd2 h5 46. Qe1 Kh1
47. Qb1 Qg2+ 48. Ke2+ Kh2 1/2-1/2

[Event "Championnat de France - Vétérans"]
[Site "Pau"]
[Date "2008.08.19"]
[Round "7.8"]
[White "Danzanvilliers, Patrice"]
[Black "Tholey, Jean-Paul"]
[Result "0-1"]
[WhiteElo "1907"]
[BlackElo "1967"]
[PlyCount "114"]

1. e4 c5 2. Nf3 a6 3. d4 cxd4 4. Nxd4 Nf6 5. Nc3 e5 6. Nb3 Bb4 7. Bd3 d5 8.
exd5 Qxd5 9. O-O Bxc3 10. bxc3 Bg4 11. Be2 Qxd1 12. Bxd1 Nbd7 13. a4 O-O 14.
Bxg4 Nxg4 15. Rd1 Rfd8 16. Ba3 Nb6 17. h3 Nf6 18. Na5 Rxd1+ 19. Rxd1 Nxa4 20.
Nxb7 Nxc3 21. Rd3 Nb5 22. Bb4 Nd4 23. c3 Nc6 24. Na5 Nxb4 25. cxb4 Kf8 26. Nb7
Rb8 27. Nc5 Rxb4 28. Nxa6 Rb2 29. Nc5 Ke7 30. g4 Rc2 31. Nb3 Ke6 32. Nd2 Nd5
33. Ne4 h6 34. Rd1 g6 35. g5 h5 36. h4 Rc4 37. f3 Rd4 38. Rb1 Ne3 39. Rb6+ Ke7
40. Rb7+ Rd7 41. Rb5 Nf5 42. Rxe5+ Kd8 43. Kf2 Nxh4 44. Ng3 Rd3 45. Re3 Rxe3
46. Kxe3 Ke7 47. Ne4 Ke6 48. Kf4 Ng2+ 49. Kg3 Ne3 50. Kf4 Nd5+ 51. Kg3 Ke5 52.
Nc5 Nc3 53. Nb7 Nb5 54. Nc5 Nd6 55. Nd3+ Kf5 56. f4 Ke4 57. Nc5+ Ke3 0-1

[Event "Championnat de France - Vétérans"]
[Site "Pau"]
[Date "2008.08.19"]
[Round "7.9"]
[White "Violeau, Jean-Luc"]
[Black "Carrot, Patrick"]
[Result "1/2-1/2"]
[WhiteElo "1880"]
[BlackElo "1960"]
[PlyCount "92"]

1. c4 Nf6 2. Nc3 g6 3. g3 Bg7 4. Bg2 c5 5. Nf3 Nc6 6. d4 cxd4 7. Nxd4 O-O 8.
O-O Qb6 9. Nb3 d6 10. Be3 Qd8 11. Rc1 Bd7 12. c5 dxc5 13. Nxc5 Qc8 14. Nxd7
Qxd7 15. Qxd7 Nxd7 16. b3 Rfc8 17. Nd5 Kf8 18. Rfd1 e6 19. Nf4 Ke8 20. Nd3 Bf8
21. h4 Nf6 22. Bc5 Bxc5 23. Rxc5 Nd7 24. Rc2 Rc7 25. Rdc1 Rac8 26. Nb4 Ndb8 27.
Nxc6 Nxc6 28. Rc4 Kd8 29. Kf1 Nb4 30. Rd4+ Nd5 31. Rxc7 Kxc7 32. Rc4+ Kb8 33.
Rxc8+ Kxc8 34. Bxd5 exd5 35. Ke1 Kd7 36. Kd2 Kd6 37. Kd3 Ke5 38. e3 h6 39. f3
f6 40. b4 a6 41. g4 f5 42. f4+ Ke6 43. g5 h5 44. Kd4 Kd6 45. Kc3 Kc6 46. Kd4
Kd6 1/2-1/2

[Event "Championnat de France - Vétérans"]
[Site "Pau"]
[Date "2008.08.19"]
[Round "7.10"]
[White "Ancival, Lucien"]
[Black "Fayolle, Guy"]
[Result "1-0"]
[WhiteElo "1955"]
[BlackElo "1894"]
[PlyCount "81"]

1. e4 e5 2. Bc4 Nf6 3. d3 Be7 4. f4 exf4 5. Bxf4 d6 6. Nf3 Nc6 7. O-O Na5 8.
Bb5+ c6 9. Ba4 Qb6+ 10. Kh1 Qxb2 11. Nbd2 b5 12. Bb3 Qa3 13. Ng5 Nxb3 14. axb3
Qc5 15. Ngf3 Qh5 16. Qe2 O-O 17. Qf2 Ng4 18. Qg1 c5 19. Rfe1 Ne5 20. Nxe5 dxe5
21. Be3 Re8 22. Bxc5 a6 23. Bxe7 Rxe7 24. Qc5 Re8 25. Qc6 Be6 26. Rxa6 Rab8 27.
Rb6 Qg4 28. Qxb5 Bd7 29. Qb4 Ra8 30. Nf3 h6 31. Qd6 f6 32. h3 Qe6 33. Nh4 Rac8
34. c4 Qf7 35. Rb7 Rcd8 36. Qd5 Qxd5 37. exd5 Bc8 38. Rc7 Ba6 39. Nf5 Bc8 40.
Nxg7 Rd7 41. Nxe8 1-0

[Event "Championnat de France - Vétérans"]
[Site "Pau"]
[Date "2008.08.20"]
[Round "8.1"]
[White "Tholey, Jean-Paul"]
[Black "Vaisman, Volodia"]
[Result "0-1"]
[WhiteElo "1967"]
[BlackElo "2348"]
[PlyCount "82"]
[EventDate "2008.??.??"]

1. d4 g6 2. Nf3 Bg7 3. Bf4 Nf6 4. Nbd2 d6 5. e3 Nbd7 6. Bd3 O-O 7. c3 b6 8. Qc2
Bb7 9. h3 Qe8 10. e4 e5 11. dxe5 Nxe5 12. Nxe5 dxe5 13. Bh2 Nd7 14. O-O Nc5 15.
Bc4 b5 16. Be2 Qc6 17. f3 a5 18. Kh1 a4 19. Rfd1 Ne6 20. Qd3 a3 21. b4 Ba6 22.
Qe3 Bf6 23. Nb3 Bg5 24. Qd3 Rad8 25. Qc2 Bf4 26. Bg1 Bc8 27. Nc5 Rfe8 28. Rxd8
Rxd8 29. Rd1 Rd6 30. Bf2 Qe8 31. g3 Bh6 32. Kh2 Bf8 33. Qb3 Rxd1 34. Qxd1 Nxc5
35. Bxc5 Bxc5 36. bxc5 Qe6 37. g4 Qxa2 38. Kg3 Kg7 39. Bxb5 Be6 40. g5 h5 41.
Qd8 h4+ 0-1

[Event "Championnat de France - Vétérans"]
[Site "Pau"]
[Date "2008.08.20"]
[Round "8.2"]
[White "Goldenberg, Richard"]
[Black "Darrigues, Alain"]
[Result "1/2-1/2"]
[WhiteElo "2341"]
[BlackElo "2012"]
[PlyCount "57"]

1. Nf3 c5 2. c4 Nf6 3. Nc3 Nc6 4. e3 g6 5. d4 cxd4 6. exd4 d5 7. cxd5 Nxd5 8.
Qb3 e6 9. Bc4 Na5 10. Bb5+ Bd7 11. Qa4 Nc6 12. Nxd5 exd5 13. O-O f6 14. Re1+
Ne7 15. Bf4 a6 16. Bxd7+ Qxd7 17. Qb3 Kf7 18. Rac1 Nc6 19. Qb6 Be7 20. Re3 Bd8
21. Qb3 Re8 22. Rc5 Rxe3 23. fxe3 Ne7 24. e4 b6 25. Rc2 Qb5 26. Qe3 dxe4 27.
Qxe4 Qd5 28. Nd2 Ra7 29. Qxd5+ 1/2-1/2

[Event "Championnat de France - Vétérans"]
[Site "Pau"]
[Date "2008.08.20"]
[Round "8.3"]
[White "Birens, Eric-Andre"]
[Black "Auge, Jean"]
[Result "1-0"]
[WhiteElo "2054"]
[BlackElo "1940"]
[PlyCount "45"]
[EventDate "2008.??.??"]

1. d4 d5 2. c4 e6 3. Nc3 dxc4 4. e4 c5 5. d5 exd5 6. exd5 Bd6 7. Bxc4 Nf6 8. h3
O-O 9. Nf3 Re8+ 10. Be3 Nbd7 11. O-O a6 12. a4 Ne5 13. Nxe5 Rxe5 14. Bf4 Re8
15. Qf3 Qc7 16. Bxd6 Qxd6 17. Rfe1 Bd7 18. a5 Rab8 19. Ne4 Nxe4 20. Rxe4 Rxe4
21. Qxe4 f5 22. Qe2 Re8 23. Qd3 {suite illisible} 1-0

[Event "Championnat de France - Vétérans"]
[Site "Pau"]
[Date "2008.08.20"]
[Round "8.4"]
[White "Peyrin, Jean"]
[Black "Renault, Jean-Pierre"]
[Result "1-0"]
[WhiteElo "1980"]
[BlackElo "1912"]
[PlyCount "77"]

1. d4 Nf6 2. c4 e6 3. Nf3 b6 4. a3 Bb7 5. Nc3 c5 6. d5 exd5 7. cxd5 d6 8. e4
Nbd7 9. Be2 Be7 10. O-O O-O 11. Bf4 a6 12. a4 Re8 13. Nd2 Bf8 14. Qc2 Ne5 15.
h3 Nfd7 16. Bg3 Ng6 17. f4 Qf6 18. Kh2 Rac8 19. Bg4 Rc7 20. e5 Qd8 21. e6 fxe6
22. Bxe6+ Kh8 23. Nf3 Be7 24. Ne4 Rf8 25. Nfg5 Nf6 26. Nxf6 Bxf6 27. h4 Bxg5
28. hxg5 Ne7 29. Rad1 Bc8 30. f5 Bxe6 31. dxe6 Rc6 32. f6 gxf6 33. gxf6 Ng6 34.
e7 Nxe7 35. fxe7 Qxe7 36. Qc3+ Kg8 37. Qd3 Qe6 38. Rxf8+ Kxf8 39. Qf3+ 1-0

[Event "Championnat de France - Vétérans"]
[Site "Pau"]
[Date "2008.08.20"]
[Round "8.5"]
[White "Maury, Claude"]
[Black "Cousin, Philippe"]
[Result "1/2-1/2"]
[WhiteElo "1892"]
[BlackElo "1971"]
[PlyCount "91"]

1. d4 Nf6 2. Bf4 d5 3. e3 c6 4. c3 e6 5. Nf3 Bd6 6. Bg5 Nbd7 7. Nbd2 O-O 8. Bd3
Qc7 9. Qe2 e5 10. dxe5 Bxe5 11. Nxe5 Qxe5 12. Nf3 Qc7 13. Bf4 Qa5 14. Ne5 Re8
15. Nxd7 Bxd7 16. O-O h6 17. Qc2 c5 18. c4 Bc6 19. Rac1 b6 20. a3 dxc4 21. Qxc4
Be4 22. Rfd1 Rac8 23. Be2 Bf5 24. f3 Nh5 25. Bd6 Rxe3 26. g4 Rce8 27. Bf1 Be6
28. Qc2 Nf6 29. Qf2 Bb3 30. Bf4 R3e6 31. Rd3 c4 32. Rd4 b5 33. Bd2 Qb6 34. Bc3
Qc6 35. Re1 Rxe1 36. Bxe1 Qe6 37. Bd2 Qe5 38. Kg2 Qc5 39. Bb4 Qe5 40. Bd2 Qc5
41. Bb4 Qb6 42. Rd6 Qxf2+ 43. Kxf2 Re6 44. Rd8+ Re8 45. Rd6 Kh7 46. Bc5 1/2-1/2

[Event "Championnat de France - Vétérans"]
[Site "Pau"]
[Date "2008.08.20"]
[Round "8.6"]
[White "Cortes, Jaime"]
[Black "Ancival, Lucien"]
[Result "1-0"]
[WhiteElo "1873"]
[BlackElo "1955"]
[PlyCount "93"]

1. d4 Nf6 2. Nf3 g6 3. Bg5 Bg7 4. e3 O-O 5. Bd3 c5 6. c3 Nc6 7. O-O cxd4 8.
exd4 d5 9. Nbd2 Qb6 10. b4 Re8 11. b5 Na5 12. Re1 Bd7 13. Ne5 Be6 14. Be3 Rac8
15. Rc1 Qd6 16. Qa4 b6 17. h3 Rc7 18. Bf4 Nh5 19. Bh2 Rcc8 20. Nxg6 Qd8 21. Nf4
Nxf4 22. Bxf4 Bd7 23. Qd1 f5 24. Qh5 Rf8 25. Nf3 Be8 26. Qg5 Bg6 27. Qxe7 Rf7
28. Qxd8+ Rxd8 29. Re6 Nc4 30. Rce1 Rfd7 31. Re7 Kf8 32. Rxd7 Rxd7 33. Bxc4
dxc4 34. Ne5 Rd5 35. Nxg6+ hxg6 36. a4 a6 37. Rb1 Kf7 38. Bc7 axb5 39. axb5 Bh6
40. Bxb6 Bd2 41. Ba5 Ke6 42. Kf1 f4 43. Ke2 Rxd4 44. cxd4 Bxa5 45. b6 Kd5 46.
Rb5+ Kxd4 47. Rxa5 1-0

[Event "Championnat de France - Vétérans"]
[Site "Pau"]
[Date "2008.08.20"]
[Round "8.7"]
[White "Carrot, Patrick"]
[Black "Meinsohn, Francis"]
[Result "0-1"]
[WhiteElo "1960"]
[BlackElo "2251"]
[PlyCount "40"]

1. e4 c5 2. Nf3 e6 3. d4 cxd4 4. Nxd4 a6 5. c4 Nf6 6. Nc3 d6 7. Bd3 b6 8. O-O
Ra7 9. Be3 Rc7 10. Nxe6 fxe6 11. Bxb6 Nbd7 12. Qa4 Be7 13. b4 O-O 14. Bxc7 Qxc7
15. Be2 Bb7 16. f3 Nh5 17. Rfc1 Bg5 18. Rc2 Be3+ 19. Kh1 Ng3+ 20. hxg3 Rf6 0-1

[Event "Championnat de France - Vétérans"]
[Site "Pau"]
[Date "2008.08.20"]
[Round "8.8"]
[White "Dubreuil, Remy"]
[Black "Degrave, Jack"]
[Result "0-1"]
[WhiteElo "1957"]
[BlackElo "2020"]
[PlyCount "52"]

1. e4 e6 2. d3 d5 3. Nd2 c5 4. Ngf3 Nc6 5. g3 Nf6 6. Bg2 Be7 7. O-O O-O 8. Re1
Re8 9. c3 b6 10. e5 Nd7 11. Nf1 f6 12. d4 fxe5 13. dxe5 Qc7 14. Bf4 Nf8 15. Qe2
Ng6 16. Bd2 Rf8 17. h4 a5 18. Bh3 Bd8 19. N1h2 Qf7 20. Kh1 Bb7 21. Bg2 h6 22.
h5 Nh8 23. g4 g5 24. hxg6 Qxg6 25. Rg1 Nf7 26. Bf4 Ng5 0-1

[Event "Championnat de France - Vétérans"]
[Site "Pau"]
[Date "2008.08.20"]
[Round "8.9"]
[White "Molet, Asher"]
[Black "Oger, Claude"]
[Result "1/2-1/2"]
[WhiteElo "1950"]
[BlackElo "2016"]
[PlyCount "44"]

1. d4 Nf6 2. Nf3 e6 3. Bg5 d5 4. e3 c5 5. c3 h6 6. Bh4 Nc6 7. Nbd2 cxd4 8. exd4
Be7 9. Bd3 Nh5 10. Bxe7 Qxe7 11. O-O O-O 12. Re1 Nf4 13. Bc2 Bd7 14. Nf1 Qf6
15. Ne5 Nxe5 16. Rxe5 Ng6 17. Re3 Rae8 18. Qg4 Qh4 19. Qxh4 Nxh4 20. Rae1 g5
21. g3 Ng6 22. Nd2 Kg7 1/2-1/2

[Event "Championnat de France - Vétérans"]
[Site "Pau"]
[Date "2008.08.20"]
[Round "8.10"]
[White "Marbot, Raymond"]
[Black "Guillaumat, Jean-Pierre"]
[Result "1/2-1/2"]
[WhiteElo "1911"]
[BlackElo "1969"]
[PlyCount "81"]

1. e4 c5 2. Nf3 e6 3. d4 cxd4 4. Nxd4 a6 5. Be3 Nf6 6. Bd3 Qc7 7. Nd2 d5 8.
N4b3 Nbd7 9. f4 dxe4 10. Bxe4 Nxe4 11. Nxe4 Be7 12. Qe2 O-O 13. O-O Nf6 14.
Nxf6+ Bxf6 15. c3 b6 16. Rad1 Bb7 17. Qf2 b5 18. Bb6 Qc8 19. Rde1 Bd5 20. Ba5
Qc4 21. Nc1 Rfe8 22. b3 Qc8 23. Ne2 Qb7 24. Rd1 Rac8 25. Rfe1 g6 26. Kh1 Bd8
27. Bxd8 Rexd8 28. Qg3 Qc7 29. Qg5 Qd6 30. Rd4 Re8 31. Ng3 Qe7 32. Qxe7 Rxe7
33. Ne2 h5 34. h4 Kg7 35. Kg1 Rec7 36. Kf2 Kf6 37. g3 a5 38. Rd2 Kf5 39. Ke3
Kg4 40. Rd3 Kf5 41. Rd2 1/2-1/2

[Event "Championnat de France - Vétérans"]
[Site "Pau"]
[Date "2008.08.20"]
[Round "8.17"]
[White "Pair, Maurice"]
[Black "Diaferia, Joseph"]
[Result "1-0"]
[WhiteElo "1806"]
[BlackElo "1797"]
[PlyCount "41"]

1. e4 e6 2. d4 d5 3. e5 c5 4. c3 Nc6 5. Nf3 Bd7 6. Bd3 cxd4 7. cxd4 Qb6 8. Be2
Nge7 9. O-O Nf5 10. b3 Ncxd4 11. Bb2 Nxe2+ 12. Qxe2 Bb5 13. Qd2 Bxf1 14. Kxf1
Be7 15. g4 Nh6 16. h3 O-O 17. Nc3 Bb4 18. Qd3 Rfc8 19. Kg2 Kh8 20. Ng5 Be7 21.
Qxh7# 1-0